| 000 | 00801nam a2200205 i 4500 | ||
|---|---|---|---|
| 001 | 30780 | ||
| 003 | ES-MaACL | ||
| 005 | 20250826060649.0 | ||
| 007 | t| | ||
| 008 | 030127s1917 sp ||||1| spa d | ||
| 100 | 1 |
_aBayo y González-Elipe, José Manuel de. _926699 |
|
| 245 | 1 | 0 |
_aConferencia de seguros sociales _b: ponencia sobre el seguro obligatorio de accidentes del trabajo en la agricultura / _cJosé Manuel de Bayo y González-Elipe. |
| 260 |
_aMadrid : _b[s.n.], _c1917 ( _fSobrinos de la Suc. de M. Minuesa de los Rios) |
||
| 300 |
_a81 p. ; _c23 cm. |
||
| 650 | 0 | 7 |
_aAccidentes de trabajo _2embne _99573 |
| 650 |
_aSeguridad social- _zEspaña. _917023 |
||
| 711 | 2 |
_aConferencia de Seguros Sociales ( _d1917. _cMadrid) _9164470 |
|
| 852 |
_aES-MaACL _j1544-F-10 |
||
| 999 |
_c30780 _d30780 |
||